Al-Yasidia Qadima Va Hadisa (Record no. 4756)

MARC details
000 -LEADER
fixed length control field 00544nam a2200217 a 4500
020 ## - INTERNATIONAL STANDARD BOOK NUMBER
ISBN
082 00 - DEWEY DECIMAL CLASSIFICATION NUMBER
Classification number 297.824
Author Cutter BEG
100 ## - MAIN ENTRY--AUTHOR NAME
Author name Beg, Chol Ismail
245 ## - TITLE STATEMENT
Title Al-Yasidia Qadima Va Hadisa
Sub title Yazid Past and Present
260 ## - PUBLICATION, DISTRIBUTION, ETC. (IMPRINT)
Place of publication Beirut
Name of publisher American Press
Year of publication 1934
300 ## - PHYSICAL DESCRIPTION
Number of Pages 134p
500 ## - GENERAL NOTE
General note includes index and biblioraphy
942 ## - ADDED ENTRY ELEMENTS (KOHA)
Koha item type Books
700 1# -
-- Beg, Chol Ismail
Holdings
Home library Current library Date acquired Cost, normal purchase price Full call number Accession Number Koha item type
Henry Martyn Institute Library Henry Martyn Institute Library 05/28/2007 100.00 297.824 BEG 06212 E-Books
                   Copyright © 2026 | Henry Martyn Institute | Hyderabad | TS-500052 | INDIA | Implemented by hmi.edu.in
Hit-Count:

Powered by Koha